| 000 | 02059nam0a2200301 4500 | ||
|---|---|---|---|
| 001 | RU\NLR\BIBL_A\011544361 | ||
| 005 | 20260405105638.0 | ||
| 010 |
_a9785903865277 _935 |
||
| 021 |
_aRU _b2017-84669 _96040 |
||
| 035 | _a(RuMoRGB)009446266 | ||
| 035 | _a(NLR Aleph) 011544361 | ||
| 090 |
_a12211961 _c12211961 |
||
| 100 | _a20171201d2017 k y0rusy50 ca | ||
| 101 | 0 | _arus | |
| 102 | _aRU | ||
| 105 | _aa j 000yy | ||
| 200 | 1 |
_aВведение в профессию специалиста по техническому обслуживанию авиационных электросистем и авионики _eучебное пособие _fС. В. Кузнецов, Г. Е. Перегудов _gФедеральное агентство воздушного транспорта, Федеральное государственное бюджетное образовательное учреждение высшего образования "Московский государственный технический университет гражданской авиации" (МГТУ ГА), Кафедра технической эксплуатации авиационных электросистем и пилотажно-навигационных комплексов |
|
| 210 |
_aМосква _cМГТУ ГА _d2017 |
||
| 215 |
_a37 с. _cтабл. _d20 |
||
| 320 | _aБиблиогр.: с. 29-30 (6 назв.) | ||
| 606 | 1 |
_aАвиационные электронные приборы _jУчебные издания для высших учебных заведений _xТехническое обслуживание _92348868 _3RU\NLR\AUTH\6601626535 |
|
| 686 | 1 | _aО561.5-082.05я73-1 | |
| 700 | 1 |
_7ca _8rus _aКузнецов _bС. В. _cд-р техн. наук, авиация _gСергей Викторович _923886 _3RU\NLR\AUTH\7740935 |
|
| 701 | 1 |
_aПерегудов _bГ. Е. _gГеннадий Евгеньевич |
|
| 942 | _cBOOK | ||
| 980 | _aNBR | ||